| 000 | 00554nam a2200181Ia 4500 | ||
|---|---|---|---|
| 999 |
_c37160 _d37160 |
||
| 003 | OSt | ||
| 005 | 20210125101316.0 | ||
| 008 | 190216s9999||||xx |||||||||||||| ||und|| | ||
| 020 | _a9788174822154 | ||
| 040 | _coclc | ||
| 082 |
_a370.78 _bDAR/U |
||
| 100 |
_aDarpan, Pratiyogita _98416 |
||
| 245 | 0 |
_aUGC NET / JRF / SET Teaching And Research Aptitude / _cPratiyogita Darpan |
|
| 260 |
_bUpakar Prakashan, _c2019. _aAgra: |
||
| 300 | _a241p | ||
| 650 | _aResearch Methodology | ||
| 942 |
_cREF _2ddc _h370.78 _iDAR/U _k370.78 _mDAR/U |
||